Phase transition approach to high temperature superconductivity : Universal properties of cuprate superconductors

محفوظ في:
التفاصيل البيبلوغرافية
المؤلف الرئيسي:  Schneider, T
التنسيق: Sách
اللغة:Undetermined
منشور في:  Imperial College Press  2000
الموضوعات:
الوسوم: إضافة وسم
لا توجد وسوم, كن أول من يضع وسما على هذه التسجيلة!
Thư viện lưu trữ: Trung tâm Thư viện - Trường Đại học Công nghiệp TP. Hồ Chí Minh
LEADER 00603nam a2200157Ia 4500
001 UIH_03958
008 231011s9999 xx 000 0 und d
082 |a  537.623 
100 |a  Schneider, T 
245 0 |a  Phase transition approach to high temperature superconductivity : Universal properties of cuprate superconductors 
245 0 |c  Schneider, T 
260 |b  Imperial College Press 
260 |c  2000 
650 |a  Siêu dẫn nhiệt độ cao; Chất siêu dẫn;  
927 |a Sách 
980 |a Trung tâm Thư viện - Trường Đại học Công nghiệp TP. Hồ Chí Minh